[Event "ODJM B 2015"]
[Site "Willingen GER"]
[Date "2015.05.25"]
[Round "3"]
[White "Grunert, Wilhelm"]
[Black "Zell, Mirjam"]
[Result "0-1"]
[Termination "normal"]
[Board "16"]
[WhiteElo "1205"]
[BlackElo "1336"]
[PlyCount "124"]
[WhiteFideId "12995673"]
[BlackFideId "16208544"]
[EventCountry "GER"]
[EventRounds "9"]
[EventType "swiss"]
[EventDate "2015.05.23"]

1. e4 e5 2. Nf3 Nc6 3. Bb5 a6 4. Ba4 Nf6 5. O-O Nxe4 6. Re1 Nf6 7. Nxe5 Nxe5 8.
Rxe5+ Be7 9. Qe1 b5 10. Bb3 d6 11. Re2 c5 12. d3 Ra7 13. c3 O-O 14. Nd2 Bf5 15.
Ne4 Nxe4 16. dxe4 Bg6 17. Bf4 c4 18. Bc2 Bg5 19. Bxg5 Qxg5 20. Rd1 Rd8 21. e5
Bxc2 22. Rxc2 dxe5 23. Rxd8+ Qxd8 24. Re2 Re7 25. h3 Rd7 26. Qf1 Rd1 27. Re1
Rxe1 28. Qxe1 f6 29. Kh2 Qd3 30. f4 Qd6 31. g3 Kf7 32. f5 Qd3 33. Qf2 e4 34.
Qa7+ Kf8 35. Qb8+ Ke7 36. Qc7+ Qd7 37. Qc5+ Ke8 38. Qe3 Qxf5 39. Qf4 Qxf4 40.
gxf4 f5 41. Kg2 Ke7 42. h4 Kf6 43. h5 g6 44. h6 g5 45. Kg3 gxf4+ 46. Kxf4 a5
47. a3 a4 48. Ke3 Ke5 49. Ke2 Kf4 50. Kf2 e3+ 51. Ke2 Kg3 52. Kxe3 f4+ 53. Kd4
f3 54. Kc5 f2 55. Kxb5 f1=Q 56. Kxa4 Qd1+ 57. Kb4 Qb3+ 58. Ka5 Kf4 59. Ka6 Ke5
60. Ka5 Kd6 61. Ka6 Kc6 62. Ka5 Qb5# 0-1

[Event "ODJM B 2015"]
[Site "Willingen GER"]
[Date "2015.05.25"]
[Round "3"]
[White "Pahl, Theis"]
[Black "Raasch, Hauke"]
[Result "1-0"]
[Termination "normal"]
[Board "17"]
[WhiteElo "1570"]
[BlackElo "1107"]
[PlyCount "63"]
[WhiteFideId "16201264"]
[BlackFideId "16210034"]
[EventCountry "GER"]
[EventRounds "9"]
[EventType "swiss"]
[EventDate "2015.05.23"]

1. e4 d5 2. exd5 Qxd5 3. Nc3 Qa5 4. d4 c6 5. Nf3 Qc7 6. Bc4 Bf5 7. Ne5 e6 8. g4
Bg6 9. h4 f6 10. Nxg6 hxg6 11. Bxe6 Qe7 12. Qe2 g5 13. h5 g6 14. Bxg8 Qxe2+ 15.
Kxe2 Rxg8 16. hxg6 Rxg6 17. Ne4 Nd7 18. Be3 O-O-O 19. c3 Re8 20. f3 Kb8 21. Rh7
Nb6 22. Rah1 Nd5 23. Bc1 Bd6 24. Kf2 Bc7 25. Rh8 Rgg8 26. R8h6 Re6 27. Bxg5 Bf4
28. Bxf4+ Nxf4 29. Rxf6 Rxf6 30. Nxf6 Nd3+ 31. Ke3 Rf8 32. Nd7+ 1-0

[Event "ODJM B 2015"]
[Site "Willingen GER"]
[Date "2015.05.25"]
[Round "3"]
[White "Burdot, Louis"]
[Black "Nimptsch, Nikolas"]
[Result "0-1"]
[Termination "normal"]
[Board "18"]
[WhiteElo "1113"]
[BlackElo "1302"]
[PlyCount "52"]
[WhiteFideId "4004760"]
[BlackFideId "16245334"]
[EventCountry "GER"]
[EventRounds "9"]
[EventType "swiss"]
[EventDate "2015.05.23"]

1. e4 e6 2. d4 d5 3. Nd2 Nf6 4. e5 Nfd7 5. Ngf3 c5 6. c3 Be7 7. Bd3 Nc6 8. Bb5
cxd4 9. cxd4 O-O 10. Bxc6 bxc6 11. O-O c5 12. Nb3 Qb6 13. Ne1 Ba6 14. dxc5 Nxc5
15. Nxc5 Bxc5 16. Nd3 Bd4 17. Qg4 Bxd3 18. Rd1 Bxf2+ 19. Kh1 Bf5 20. Qh5 f6 21.
Bf4 Qxb2 22. Rdb1 Bxb1 23. Qd1 Qxa1 24. exf6 Qxf6 25. Qxb1 Qxf4 26. g3 Qf3# 0-1

[Event "ODJM B 2015"]
[Site "Willingen GER"]
[Date "2015.05.25"]
[Round "3"]
[White "Zimmer, Claudius"]
[Black "Kalina, Joshua"]
[Result "1-0"]
[Termination "normal"]
[Board "19"]
[WhiteElo "1105"]
[BlackElo "1298"]
[PlyCount "37"]
[EventCountry "GER"]
[EventRounds "9"]
[EventType "swiss"]
[EventDate "2015.05.23"]

1. e4 e5 2. Nf3 Nc6 3. d4 exd4 4. Bc4 Nf6 5. e5 d5 6. Bb5 Ne4 7. Nxd4 Bd7 8.
Bxc6 Bxc6 9. Nxc6 bxc6 10. O-O Bc5 11. Nd2 Ng5 12. Kh1 Bb6 13. f4 Ne6 14. Nb3
O-O 15. Qg4 h6 16. f5 Ng5 17. f6 gxf6 18. exf6 Kh7 19. Bxg5 1-0

[Event "ODJM B 2015"]
[Site "Willingen GER"]
[Date "2015.05.25"]
[Round "3"]
[White "Kotyk, Michael"]
[Black "Voltmer, Victor"]
[Result "1-0"]
[Termination "normal"]
[Board "20"]
[WhiteElo "1296"]
[BlackElo "1104"]
[PlyCount "71"]
[WhiteFideId "16214501"]
[EventCountry "GER"]
[EventRounds "9"]
[EventType "swiss"]
[EventDate "2015.05.23"]

1. e4 d6 2. d4 Nf6 3. f3 g6 4. Be3 Bg7 5. Bc4 c6 6. Nc3 b5 7. Bb3 a5 8. a3 O-O
9. Nge2 e5 10. d5 cxd5 11. Nxd5 Bb7 12. Bb6 Qd7 13. Nc7 a4 14. Ba2 Bh6 15. Nxa8
Bxa8 16. O-O d5 17. exd5 Bxd5 18. Bxd5 Nxd5 19. Bf2 Be3 20. Bxe3 Nxe3 21. Qxd7
Nxd7 22. Rfc1 Rc8 23. Nc3 Nb6 24. Kf2 Nec4 25. b4 Nd6 26. Ne4 Nf5 27. c3 Rc4
28. g4 Ne7 29. Nd6 Rc6 30. Nxb5 Nbd5 31. c4 Nf4 32. Rc3 f5 33. c5 Kg7 34. Nd6
Ned5 35. Rc2 Nb6 36. Ne8+ 1-0

[Event "ODJM B 2015"]
[Site "Willingen GER"]
[Date "2015.05.25"]
[Round "3"]
[White "Reuker, Ronja"]
[Black "Borgmann, Simon"]
[Result "1-0"]
[Termination "normal"]
[Board "21"]
[WhiteElo "1102"]
[BlackElo "1289"]
[PlyCount "45"]
[WhiteFideId "12947172"]
[BlackFideId "16234677"]
[EventCountry "GER"]
[EventRounds "9"]
[EventType "swiss"]
[EventDate "2015.05.23"]

1. e4 e5 2. Nf3 Nc6 3. Bb5 d6 4. d4 exd4 5. Nxd4 Nge7 6. Nc3 Bd7 7. Bc4 Nxd4 8.
Qxd4 Nc6 9. Qe3 Ne5 10. Bb3 Be6 11. Nd5 c6 12. f4 Ng4 13. Qg3 cxd5 14. f5 Ne5
15. fxe6 fxe6 16. exd5 exd5 17. Bf4 Qa5+ 18. c3 d4 19. O-O dxc3 20. bxc3 O-O-O
21. Rad1 g6 22. Bg5 Rd7 23. Be6 1-0

[Event "ODJM B 2015"]
[Site "Willingen GER"]
[Date "2015.05.25"]
[Round "3"]
[White "Schulze, Lukas"]
[Black "Schneider, Katharina"]
[Result "1-0"]
[Termination "normal"]
[Board "22"]
[WhiteElo "1252"]
[BlackElo "1084"]
[PlyCount "51"]
[WhiteFideId "12956856"]
[BlackFideId "16200519"]
[EventCountry "GER"]
[EventRounds "9"]
[EventType "swiss"]
[EventDate "2015.05.23"]

1. Nf3 Nc6 2. d4 d5 3. c4 e6 4. g3 Nf6 5. Bg2 dxc4 6. Qa4 Bb4+ 7. Bd2 Bxd2+ 8.
Nbxd2 O-O 9. Qxc4 Qd6 10. e4 e5 11. d5 Ne7 12. O-O c6 13. dxc6 Nxc6 14. Rfd1
Be6 15. Qc3 Qc7 16. b4 Rad8 17. b5 Nd4 18. Qxc7 Nxf3+ 19. Nxf3 Rxd1+ 20. Rxd1
Nxe4 21. Nxe5 Nf6 22. Rd8 Bxa2 23. Rxf8+ Kxf8 24. Qd8+ Ne8 25. Nd7+ Kg8 26.
Qxe8# 1-0

[Event "ODJM B 2015"]
[Site "Willingen GER"]
[Date "2015.05.25"]
[Round "3"]
[White "Seliokaite, Ana"]
[Black "Rapp, Lukas"]
[Result "0-1"]
[Termination "normal"]
[Board "23"]
[WhiteElo "1085"]
[BlackElo "1627"]
[PlyCount "116"]
[WhiteFideId "16224817"]
[BlackFideId "12989320"]
[EventCountry "GER"]
[EventRounds "9"]
[EventType "swiss"]
[EventDate "2015.05.23"]

1. d4 Nf6 2. e3 g6 3. f4 Bg7 4. Nf3 d6 5. Bd3 O-O 6. O-O Nbd7 7. Nbd2 h6 8. Ne4
Nxe4 9. Bxe4 e5 10. f5 Nf6 11. Qd3 Nxe4 12. Qxe4 Bxf5 13. Qxb7 Bxc2 14. Ne1 Bf5
15. e4 Bd7 16. dxe5 Bxe5 17. Bxh6 Bg7 18. Bxg7 Kxg7 19. Qd5 Qe7 20. Qd4+ Qe5
21. Qxe5+ dxe5 22. Nd3 Bb5 23. Rf3 f6 24. Rc1 c6 25. Nc5 Rae8 26. a4 Be2 27.
Re3 Bg4 28. Na6 Rc8 29. Rec3 Bd7 30. Nc5 Rf7 31. Nxd7 Rxd7 32. Rxc6 Rxc6 33.
Rxc6 Rd1+ 34. Kf2 Rd2+ 35. Ke3 Rxg2 36. Rc7+ Kh6 37. Rxa7 Rxb2 38. a5 Rxh2 39.
Kd3 Ra2 40. a6 Kg5 41. Kc4 Kf4 42. Kb5 Kxe4 43. Rc7 Rb2+ 44. Kc5 Rc2+ 45. Kb6
Rb2+ 46. Kc5 Ra2 47. a7 f5 48. Kb6 f4 49. Rc4+ Kd3 50. Rc8 f3 51. Rd8+ Ke4 52.
a8=Q+ Rxa8 53. Rxa8 f2 54. Ra1 Kf3 55. Ra3+ Kg2 56. Ra2 Kg1 57. Re2 f1=Q 58.
Rxe5 Qf6+ 0-1

[Event "ODJM B 2015"]
[Site "Willingen GER"]
[Date "2015.05.25"]
[Round "3"]
[White "Feil, Alexander"]
[Black "Rößl, Mira"]
[Result "1-0"]
[Termination "normal"]
[Board "24"]
[WhiteElo "1378"]
[BlackElo "721"]
[PlyCount "75"]
[WhiteFideId "4002954"]
[EventCountry "GER"]
[EventRounds "9"]
[EventType "swiss"]
[EventDate "2015.05.23"]

1. e4 e5 2. d4 exd4 3. c3 Nf6 4. e5 Nd5 5. cxd4 Nc6 6. a3 d6 7. Nf3 Bg4 8. Bb5
Bxf3 9. Qxf3 Nde7 10. d5 a6 11. dxc6 axb5 12. cxb7 Rb8 13. exd6 cxd6 14. O-O d5
15. Re1 Rxb7 16. Nc3 d4 17. Qxb7 dxc3 18. Qxb5+ Qd7 19. Qxd7+ Kxd7 20. bxc3 Nf5
21. a4 Be7 22. Ba3 Bf6 23. Bb4 Rd8 24. Red1+ Ke8 25. Re1+ Be7 26. Bxe7 Nxe7 27.
Rad1 Ra8 28. Rd4 Kf8 29. a5 Nc6 30. Ra4 Nxa5 31. Rea1 Nb3 32. Rxa8+ Ke7 33.
Re1+ Kf6 34. c4 Nd2 35. c5 Ne4 36. Rxe4 Kg6 37. Ra6+ f6 38. c6 1-0

[Event "ODJM B 2015"]
[Site "Willingen GER"]
[Date "2015.05.25"]
[Round "3"]
[White "Lohrmann, Linus"]
[Black "Knerr, Sebastian"]
[Result "0-1"]
[Termination "normal"]
[Board "25"]
[WhiteElo "911"]
[BlackElo "1259"]
[PlyCount "122"]
[WhiteFideId "12982857"]
[BlackFideId "16266013"]
[EventCountry "GER"]
[EventRounds "9"]
[EventType "swiss"]
[EventDate "2015.05.23"]

1. e4 e5 2. Nf3 Nf6 3. Nxe5 Qe7 4. Nf3 Nxe4 5. Qe2 Nf6 6. Qxe7+ Bxe7 7. Bd3 d5
8. O-O O-O 9. Be2 Nc6 10. d3 Bg4 11. h3 Bxf3 12. Bxf3 Nd4 13. Nd2 Nxc2 14. Rb1
Nd4 15. b3 Bb4 16. Bb2 Nxf3+ 17. Nxf3 Nd7 18. a3 Bd6 19. b4 Rfe8 20. Rfe1 b6
21. Rxe8+ Rxe8 22. Nd4 Be5 23. b5 Nc5 24. Rd1 g6 25. Kh1 Bd6 26. Nf3 Re2 27.
Bd4 Ne6 28. Be3 Rb2 29. a4 Ra2 30. Rb1 Rxa4 31. d4 Rb4 32. Rxb4 Bxb4 33. Ne5
Bc3 34. Nc6 Kf8 35. Bh6+ Ke8 36. Nxa7 Nxd4 37. Bg7 Ne2 38. Bh6 d4 39. Nc6 d3
40. Be3 d2 41. Bxd2 Bxd2 42. Nb8 Nc3 43. Nc6 Nxb5 44. Ne5 c5 45. Nf3 Bb4 46.
Ne5 f6 47. Nc6 Nd4 48. Nb8 c4 49. Na6 Ba5 50. Nc7+ Kd7 51. Nd5 c3 52. Nxf6+ Ke6
53. Ne4 c2 54. Ng5+ Kf5 55. Nxh7 c1=Q+ 56. Kh2 Qf4+ 57. Kg1 Be1 58. f3 Nxf3+
59. gxf3 Qg3+ 60. Kh1 Bf2 61. h4 Qg1# 0-1

[Event "ODJM B 2015"]
[Site "Willingen GER"]
[Date "2015.05.25"]
[Round "3"]
[White "Brunner, Alexander"]
[Black "Straßburg, Robin"]
[Result "1/2-1/2"]
[Termination "normal"]
[Board "27"]
[WhiteElo "840"]
[BlackElo "1028"]
[PlyCount "41"]
[WhiteFideId "12965278"]
[BlackFideId "16210018"]
[EventCountry "GER"]
[EventRounds "9"]
[EventType "swiss"]
[EventDate "2015.05.23"]

1. e4 d5 2. exd5 Qxd5 3. Nc3 Qa5 4. d4 c6 5. Bd2 Qc7 6. Nf3 Bf5 7. Bc4 e6 8.
O-O Nf6 9. Re1 Be7 10. Qe2 O-O 11. Rad1 Bd6 12. Bg5 Nbd7 13. h4 h6 14. Bxf6
Nxf6 15. Ne5 Bxe5 16. dxe5 Nd5 17. g4 Nxc3 18. bxc3 Bh7 19. f4 b5 20. Bb3 Qb6+
21. Kh1 1/2-1/2

[Event "ODJM B 2015"]
[Site "Willingen GER"]
[Date "2015.05.25"]
[Round "3"]
[White "Fromm, Marius"]
[Black "Reyher, Bastian"]
[Result "1-0"]
[Termination "normal"]
[Board "28"]
[WhiteElo "1328"]
[BlackElo "1084"]
[PlyCount "71"]
[WhiteFideId "12993190"]
[BlackFideId "12927465"]
[EventCountry "GER"]
[EventRounds "9"]
[EventType "swiss"]
[EventDate "2015.05.23"]

1. d4 d5 2. c4 Nf6 3. Nc3 Bf5 4. Nf3 e6 5. Bg5 Be7 6. e3 O-O 7. Be2 h6 8. Bh4
Nc6 9. O-O Nb4 10. a3 Nc2 11. Rc1 Nxa3 12. bxa3 Bxa3 13. Ra1 Bb2 14. Ra4 Bxc3
15. Qc1 Qd7 16. Bd1 Ne4 17. Ne5 Qe8 18. f3 Bd2 19. Qa3 Nd6 20. Be2 a5 21. Qb3
Ra7 22. Rfa1 Nc8 23. R1a2 Nb6 24. Rxd2 Nxa4 25. c5 Bh7 26. Ra2 f6 27. Nd3 Bf5
28. Rxa4 Qg6 29. g4 h5 30. Nf4 Qh7 31. gxf5 Qxf5 32. Bd3 Qg5+ 33. Bxg5 fxg5 34.
Nxe6 Rxf3 35. Qxd5 Rf7 36. Nxg5 1-0

[Event "ODJM B 2015"]
[Site "Willingen GER"]
[Date "2015.05.25"]
[Round "3"]
[White "Fischer, Sören"]
[Black "Arnold, Alexandria"]
[Result "0-1"]
[Termination "normal"]
[Board "30"]
[WhiteElo "931"]
[BlackElo "1174"]
[PlyCount "50"]
[BlackFideId "16205383"]
[EventCountry "GER"]
[EventRounds "9"]
[EventType "swiss"]
[EventDate "2015.05.23"]

1. d4 Nf6 2. Bf4 d5 3. Nc3 Bf5 4. f3 e6 5. Qd2 Nc6 6. e3 Bd6 7. Bxd6 cxd6 8.
Bd3 Bg6 9. Bxg6 hxg6 10. e4 dxe4 11. Nxe4 Nxe4 12. fxe4 Qh4+ 13. Kf1 Qxe4 14.
c3 e5 15. d5 Ne7 16. Rd1 Qc4+ 17. Ke1 Qxa2 18. Nf3 O-O 19. h4 Nf5 20. g4 Ng3
21. Rh3 Ne4 22. Qe3 Nf6 23. Rd2 Qb1+ 24. Ke2 Nxg4 25. h5 Nxe3 0-1

[Event "ODJM B 2015"]
[Site "Willingen GER"]
[Date "2015.05.25"]
[Round "3"]
[White "Schott, Jan"]
[Black "Hoppe, Nico"]
[Result "0-1"]
[Termination "normal"]
[Board "31"]
[WhiteElo "907"]
[BlackElo "1086"]
[PlyCount "88"]
[BlackFideId "16225520"]
[EventCountry "GER"]
[EventRounds "9"]
[EventType "swiss"]
[EventDate "2015.05.23"]

1. e4 e5 2. Nf3 Nc6 3. Bc4 Bc5 4. c3 Nf6 5. d4 exd4 6. cxd4 Bb4+ 7. Nc3 Nxe4 8.
O-O Nxc3 9. bxc3 Bxc3 10. Ba3 d5 11. Rc1 Bb4 12. Bxb4 Nxb4 13. Qa4+ Nc6 14. Bb5
Bd7 15. Bxc6 bxc6 16. Qb4 f6 17. Rfe1+ Kf7 18. Re2 Re8 19. Rxe8 Qxe8 20. Re1
Qf8 21. Qb1 Kg8 22. Re2 Rb8 23. Qe1 Re8 24. Rxe8 Qxe8 25. Qa5 Qb8 26. h3 Qb6
27. Qc5 Qxc5 28. dxc5 Kf7 29. Kf1 Bf5 30. Ke2 Be4 31. Nd4 Bxg2 32. Nxc6 Bxh3
33. Nxa7 Bd7 34. c6 Be8 35. a4 h5 36. a5 h4 37. a6 h3 38. Kf1 d4 39. Kg1 g5 40.
Nb5 Bxc6 41. a7 d3 42. Nc3 d2 43. Kh2 g4 44. Nd1 Kg6 0-1

[Event "ODJM B 2015"]
[Site "Willingen GER"]
[Date "2015.05.25"]
[Round "3"]
[White "Reuter, Marek"]
[Black "Grey, Anna"]
[Result "1-0"]
[Termination "normal"]
[Board "33"]
[WhiteElo "955"]
[BlackElo "853"]
[PlyCount "63"]
[WhiteFideId "16226712"]
[BlackFideId "16226917"]
[EventCountry "GER"]
[EventRounds "9"]
[EventType "swiss"]
[EventDate "2015.05.23"]

1. Nc3 c5 2. e4 Nc6 3. Nf3 a6 4. d4 e6 5. Be3 d6 6. Be2 g6 7. Qd2 b5 8. O-O Bd7
9. d5 Nce7 10. a3 f5 11. exf5 Nxf5 12. Rfe1 Nxe3 13. Qxe3 Qe7 14. Rad1 Bg7 15.
dxe6 Bxe6 16. Bxb5+ Bd7 17. Bxd7+ Kxd7 18. Qxe7+ Nxe7 19. Ne5+ Kc7 20. Nf7 Rhe8
21. Nxd6 Rg8 22. Rxe7+ Kd8 23. Nf5+ Kc8 24. Rxg7 Rh8 25. Ne3 Rb8 26. b3 Ra8 27.
Na4 Rb8 28. Nxc5 Ra8 29. Rdd7 Kb8 30. Rb7+ Kc8 31. Ne6 Ra7 32. Rgc7# 1-0

[Event "ODJM B 2015"]
[Site "Willingen GER"]
[Date "2015.05.25"]
[Round "3"]
[White "Reichel, Sara"]
[Black "Frank, Cillian"]
[Result "0-1"]
[Termination "normal"]
[Board "34"]
[WhiteElo "866"]
[BlackElo "954"]
[PlyCount "56"]
[WhiteFideId "16245130"]
[BlackFideId "16245202"]
[EventCountry "GER"]
[EventRounds "9"]
[EventType "swiss"]
[EventDate "2015.05.23"]

1. d4 d5 2. e3 Bf5 3. f4 Be4 4. Nf3 Nf6 5. Be2 e6 6. O-O Be7 7. Nbd2 O-O 8.
Nxe4 Nxe4 9. Ne5 f6 10. Nd3 Nd7 11. Bg4 f5 12. Bh3 c5 13. c3 c4 14. Ne5 Nxe5
15. dxe5 Bc5 16. Qh5 Qe8 17. Qxe8 Raxe8 18. g4 g6 19. g5 b5 20. a3 a5 21. b4
cxb3 22. Rb1 a4 23. Bb2 Bxe3+ 24. Kg2 Nd2 25. Rbe1 Nxf1 26. Kxf1 Bxf4 27. Bc1
Bxc1 28. Rxc1 Rc8 0-1

[Event "ODJM B 2015"]
[Site "Willingen GER"]
[Date "2015.05.25"]
[Round "3"]
[White "Prudlik, Finn Olmse"]
[Black "Semukhin, Sophia"]
[Result "1-0"]
[Termination "normal"]
[Board "35"]
[WhiteElo "948"]
[BlackElo "798"]
[PlyCount "79"]
[WhiteFideId "16209923"]
[EventCountry "GER"]
[EventRounds "9"]
[EventType "swiss"]
[EventDate "2015.05.23"]

1. e4 e5 2. Nf3 Nc6 3. Bc4 Bc5 4. O-O Nf6 5. Nc3 d6 6. d3 Bg4 7. Bg5 h6 8. Bh4
O-O 9. Nd5 g5 10. Nxf6+ Qxf6 11. Bg3 h5 12. h3 Bxf3 13. gxf3 a6 14. Kh1 Kh7 15.
c3 h4 16. Bh2 Rad8 17. b4 b5 18. Bxb5 axb5 19. bxc5 dxc5 20. Rb1 b4 21. cxb4
cxb4 22. Rc1 Nd4 23. Rxc7 Nxf3 24. Rb7 Rb8 25. Rxb8 Rxb8 26. Qe2 Nxh2 27. Kxh2
Qf4+ 28. Kg1 Kh6 29. Rd1 b3 30. axb3 Rxb3 31. Qc2 Rb4 32. Ra1 f6 33. Ra8 Rb7
34. Qc8 Rh7 35. Qf8+ Kg6 36. Qe8+ Rf7 37. Ra7 Qc1+ 38. Kg2 Qf4 39. Qxf7+ Kh6
40. Qh7# 1-0

[Event "ODJM B 2015"]
[Site "Willingen GER"]
[Date "2015.05.25"]
[Round "3"]
[White "Bakalarz, Adrian"]
[Black "Winkin, Pol"]
[Result "0-1"]
[Termination "normal"]
[Board "36"]
[WhiteElo "797"]
[BlackElo "937"]
[PlyCount "80"]
[WhiteFideId "12955809"]
[BlackFideId "4004787"]
[EventCountry "GER"]
[EventRounds "9"]
[EventType "swiss"]
[EventDate "2015.05.23"]

1. e4 e5 2. d4 exd4 3. c3 dxc3 4. Nxc3 Nc6 5. Nf3 Bc5 6. Bc4 Nf6 7. Bf4 d6 8.
h3 O-O 9. O-O Re8 10. Re1 b6 11. b3 Bb4 12. Bb5 Bb7 13. a3 Bxc3 14. Bxc6 Bxc6
15. Qc1 Bxe1 16. Qxe1 Rxe4 17. Qb1 Rxf4 18. Qc1 Bxf3 19. gxf3 Rxf3 20. Qc6 Rxb3
21. Qc4 Rxh3 22. Kg2 Rh5 23. Rg1 Qd7 24. Kf1 h6 25. Qd3 Qh3+ 26. Qxh3 Rxh3 27.
Kg2 Rxa3 28. Kh1 a5 29. Rc1 Ne8 30. f4 Rb3 31. Rg1 a4 32. f5 a3 33. f6 Nxf6 34.
Rc1 Ne8 35. Rg1 a2 36. Ra1 Rb1+ 37. Rxb1 axb1=Q+ 38. Kg2 Qb3 39. Kf2 Ra2+ 40.
Ke1 Qb1# 0-1

[Event "ODJM B 2015"]
[Site "Willingen GER"]
[Date "2015.05.26"]
[Round "4"]
[White "Morio, Estelle"]
[Black "Caliebe, Nanke"]
[Result "1-0"]
[Termination "normal"]
[Board "1"]
[WhiteElo "1685"]
[BlackElo "1502"]
[WhiteClock "00:02:32"]
[BlackClock "00:02:07"]
[PlyCount "75"]
[WhiteFideId "12951951"]
[BlackFideId "12980528"]
[EventCountry "GER"]
[EventRounds "9"]
[EventType "swiss"]
[EventDate "2015.05.23"]

1. f4 d5 2. b3 Nf6 3. Bb2 g6 4. Nf3 Bg7 5. g3 c5 6. Bg2 Nc6 7. O-O O-O 8. e3
Bf5 9. d3 Qb6 10. Qe2 Nb4 11. a3 Nc6 12. Nbd2 Be6 13. Rab1 a6 14. h3 Nh5 15.
Kh2 Bxb2 16. Rxb2 Qa5 17. Nb1 Qb6 18. Ra2 a5 19. a4 Qa6 20. Na3 Nf6 21. Raa1
Nb4 22. Ne5 Ne4 23. Nb5 f6 24. Nf3 Nd6 25. Nc7 Qc6 26. Nxe6 Rfe8 27. e4 dxe4
28. dxe4 Nf7 29. f5 g5 30. Qc4 Rac8 31. Rfe1 Kh8 32. e5 Nh6 33. exf6 exf6 34.
Nfxg5 Qb6 35. Qh4 Rg8 36. Qxh6 fxg5 37. Qf6+ Rg7 38. Qxg7# 1-0

[Event "ODJM B 2015"]
[Site "Willingen GER"]
[Date "2015.05.26"]
[Round "4"]
[White "Rose, Luis Stratos"]
[Black "Wachinger, Nikolas"]
[Result "1/2-1/2"]
[Termination "normal"]
[Board "2"]
[WhiteElo "1385"]
[BlackElo "1299"]
[WhiteClock "00:24:11"]
[BlackClock "00:41:41"]
[PlyCount "83"]
[WhiteFideId "12976008"]
[BlackFideId "12962791"]
[EventCountry "GER"]
[EventRounds "9"]
[EventType "swiss"]
[EventDate "2015.05.23"]

1. d4 d5 2. Nf3 Nf6 3. Bg5 Bf5 4. e3 e6 5. Bd3 Bxd3 6. Qxd3 c6 7. O-O Nbd7 8.
Nbd2 Be7 9. Rac1 O-O 10. c4 h6 11. Bh4 Qc7 12. Bg3 Bd6 13. Bxd6 Qxd6 14. cxd5
exd5 15. a3 a5 16. Rc2 Rfe8 17. Rfc1 a4 18. Nf1 Ne4 19. Ng3 Nxg3 20. hxg3 Ra5
21. Qe2 Raa8 22. Ne1 Re4 23. Nd3 Rc8 24. Nc5 Nxc5 25. Rxc5 b6 26. R5c3 c5 27.
dxc5 bxc5 28. Qc2 c4 29. Qxa4 Rb8 30. Qc2 Qb6 31. Rd1 Re5 32. Rb1 Re4 33. Qd2
Qb5 34. Rd1 Rd8 35. Qc2 Rb8 36. f3 Re5 37. Rd4 Qxb2 38. Qxb2 Rxb2 39. e4 Rb1+
40. Kf2 Rb2+ 41. Kf1 Rb1+ 42. Ke2 1/2-1/2

[Event "ODJM B 2015"]
[Site "Willingen GER"]
[Date "2015.05.26"]
[Round "4"]
[White "Lange, Cecilia"]
[Black "Thumm, Niklas"]
[Result "1/2-1/2"]
[Termination "normal"]
[Board "3"]
[WhiteElo "1597"]
[BlackElo "1510"]
[WhiteClock "00:17:57"]
[BlackClock "00:08:19"]
[PlyCount "78"]
[WhiteFideId "12976040"]
[BlackFideId "12918733"]
[EventCountry "GER"]
[EventRounds "9"]
[EventType "swiss"]
[EventDate "2015.05.23"]

1. e4 e5 2. Nf3 Nc6 3. Bc4 Bc5 4. d3 Nf6 5. c3 d6 6. O-O Bb6 7. Be3 O-O 8. Bb3
Bg4 9. Nbd2 Re8 10. h3 Bh5 11. Re1 Qd7 12. Nf1 d5 13. exd5 Nxd5 14. Bxb6 Nxb6
15. Ng3 Bg6 16. Ne4 Rad8 17. Bc2 Nd5 18. d4 Qc8 19. Qd3 f5 20. Qc4 fxe4 21.
Bxe4 Bxe4 22. Rxe4 Qd7 23. dxe5 Na5 24. Qe2 Nb6 25. Re1 Qd3 26. Rd4 Qxe2 27.
Rxe2 Rxd4 28. Nxd4 Nc6 29. Nxc6 bxc6 30. f4 Nd5 31. g3 g6 32. Kf2 Kf7 33. Kf3
Ke6 34. Ke4 Rd8 35. g4 Rf8 36. Rf2 Ne7 37. Rd2 c5 38. b4 cxb4 39. cxb4 Rb8
1/2-1/2

[Event "ODJM B 2015"]
[Site "Willingen GER"]
[Date "2015.05.26"]
[Round "4"]
[White "Fromm, Johannes"]
[Black "Arnold, Leander"]
[Result "1/2-1/2"]
[Termination "normal"]
[Board "4"]
[WhiteElo "1454"]
[BlackElo "1562"]
[WhiteClock "00:14:20"]
[BlackClock "00:11:15"]
[PlyCount "141"]
[WhiteFideId "12993204"]
[BlackFideId "12990230"]
[EventCountry "GER"]
[EventRounds "9"]
[EventType "swiss"]
[EventDate "2015.05.23"]

1. f4 d5 2. e3 Nf6 3. Nf3 e6 4. b3 Be7 5. Bb2 c5 6. Bd3 Nc6 7. O-O O-O 8. Nc3
a6 9. Ne2 b5 10. Ng3 h6 11. Ne5 Bb7 12. Ng4 c4 13. Be2 Nd7 14. f5 e5 15. Nh5
Bf6 16. Nhxf6+ Nxf6 17. Nxe5 Nxe5 18. Bxe5 Re8 19. Bd4 Qd6 20. Bf3 cxb3 21.
axb3 Rac8 22. c3 Rc7 23. b4 Nd7 24. Qe1 f6 25. Bh5 Re4 26. Rf4 Nb6 27. Bf3 Rxf4
28. exf4 Re7 29. Qf2 Nd7 30. Bh5 Re4 31. Re1 Qe7 32. Be3 Qd6 33. d3 Re7 34. Bd4
Bc6 35. Re3 Bb7 36. Qe2 Kf8 37. Bg6 Rxe3 38. Qxe3 Qe7 39. Qd2 Bc6 40. Kf2 Bb7
41. h4 Kg8 42. Qe3 Qxe3+ 43. Kxe3 Kf8 44. Kf3 Kg8 45. Kg4 Kf8 46. Kh5 Kg8 47.
g4 Nf8 48. g5 Nxg6 49. Kxg6 Bc6 50. Kh5 Be8+ 51. Kg4 Kf7 52. Bc5 fxg5 53. fxg5
hxg5 54. Kxg5 Bd7 55. h5 Bc8 56. Bd4 Bd7 57. f6 gxf6+ 58. Bxf6 Kg8 59. h6 Kh7
60. Bg7 Bc6 61. Kf6 d4 62. cxd4 a5 63. bxa5 b4 64. Ke6 Bd5+ 65. Kxd5 b3 66. a6
b2 67. a7 b1=Q 68. a8=Q Qh1+ 69. Ke5 Qxa8 70. d5 Qb8+ 71. d6 1/2-1/2

[Event "ODJM B 2015"]
[Site "Willingen GER"]
[Date "2015.05.26"]
[Round "4"]
[White "Schluckner, Paul-Leopold"]
[Black "Frohnhäuser, Simon"]
[Result "1/2-1/2"]
[Termination "normal"]
[Board "5"]
[WhiteElo "1404"]
[BlackElo "1548"]
[WhiteClock "00:22:23"]
[BlackClock "00:16:00"]
[PlyCount "110"]
[WhiteFideId "12952168"]
[BlackFideId "16208528"]
[EventCountry "GER"]
[EventRounds "9"]
[EventType "swiss"]
[EventDate "2015.05.23"]

1. e4 c5 2. d4 cxd4 3. Qxd4 Nc6 4. Qd1 Nf6 5. Nc3 d6 6. Bb5 a6 7. Ba4 b5 8. Bb3
Bb7 9. a3 e6 10. Nf3 Na5 11. Qd3 Nxb3 12. cxb3 Rc8 13. O-O Be7 14. Be3 O-O 15.
Rfd1 Ng4 16. Bf4 Qb6 17. Qe2 Rfd8 18. h3 Nf6 19. Rd3 e5 20. Bg5 h6 21. Bh4 a5
22. Rad1 b4 23. Bxf6 Bxf6 24. Nd5 Bxd5 25. Rxd5 Rc5 26. Qd2 bxa3 27. bxa3 Qxb3
28. Rd3 Qa4 29. Rxd6 Rxd6 30. Qxd6 Qc2 31. Qb8+ Rc8 32. Qb1 Qxb1 33. Rxb1 Rc3
34. Rb8+ Kh7 35. Rb5 Rxa3 36. Nxe5 Bxe5 37. Rxe5 Ra1+ 38. Kh2 Kg6 39. Rd5 Kf6
40. Kg3 Ke6 41. f4 g6 42. Kh4 Ra4 43. Re5+ Kf6 44. Kg3 Ra1 45. Kf3 a4 46. Ra5
a3 47. Kg4 h5+ 48. Kh4 a2 49. Ra6+ Kg7 50. g3 Re1 51. Rxa2 Rxe4 52. Ra5 Kh6 53.
Ra6 Kh7 54. Kg5 Re3 55. Kh4 Kg7 1/2-1/2